| 000 | 01438cam a2200397 a 4500 | ||
|---|---|---|---|
| 001 | 15463641 | ||
| 003 | EG-ScBUE | ||
| 005 | 20220104133719.0 | ||
| 008 | 070428s2003 enk f 000 1 eng d | ||
| 020 | _a0141439475 | ||
| 020 | _a9780141439471 | ||
| 035 | _a(OCoLC)181924560 | ||
| 035 | _a(OCoLC)ocn181924560 | ||
| 040 |
_aUKM _beng _erda _cUKM _dBAKER _dOCLCG _dDLC _dEG-ScBUE |
||
| 082 | 0 | 4 |
_a823.7 _222 _bSHE |
| 100 | 1 |
_aShelley, Mary Wollstonecraft, _d1797-1851, _eauthor. _924961 |
|
| 245 | 1 | 0 |
_aFrankenstein, or, the modern Prometheus / _cMary Wollstonecraft Shelley ; edited with an introduction and notes by Maurice Hindle. |
| 246 | 3 | 3 | _aModern Prometheus |
| 250 | _aRevised edition. | ||
| 264 | 1 |
_aLondon : _bPenguin Books, _c2003. |
|
| 300 |
_a273 pages ; _c20 cm. |
||
| 336 |
_2rdacontent _atext _btxt |
||
| 337 |
_2rdamedia _aunmediated _bn |
||
| 338 |
_2rdacarrier _avolume _bnc |
||
| 490 | 0 | _aPenguin classics | |
| 650 | 7 |
_aFrankenstein, Victor (Fictitious character) _vFiction. _924963 _2BUEsh |
|
| 650 | 7 |
_aFrankenstein's monster (Fictitious character) _vFiction. _924964 _2BUEsh |
|
| 650 | 7 |
_aScientists _vFiction. _924965 _2BUEsh |
|
| 650 | 7 |
_aMonsters _vFiction. _924966 _2BUEsh |
|
| 651 | _2BUEsh | ||
| 653 |
_cJune2011 _bHHUUEENN |
||
| 655 | 7 |
_aHorror fiction. _2gsafd. |
|
| 655 | 7 |
_aScience fiction. _2gsafd _vReading book |
|
| 942 |
_2ddc _cBB |
||
| 999 |
_c15573 _d15573 |
||